| 000 | 00576nam a22001817a 4500 | ||
|---|---|---|---|
| 005 | 20150423142241.0 | ||
| 010 | _aENG-112374 | ||
| 020 |
_a9789350093283 _c350.00 |
||
| 035 | _aEN-95906 | ||
| 037 | _bDBAD/PUB | ||
| 082 | _a230.33 | ||
| 100 | _aParamahansa Yogananda | ||
| 245 |
_aAutobiography of a yogi / _cby Paramahansa Yogananda |
||
| 260 |
_aGurgaon _bHachette Book Publishing _c2013 |
||
| 270 |
_a4th & 5th Floor, Corporate Centre, Plot No.94, Sector-44, _bGurgaon _e122003 |
||
| 300 |
_axviii,384p. _c21cm(pbk) |
||
| 942 |
_2ddc _cEN _mPAR _h230.33 |
||
| 999 |
_c92249 _d92249 |
||